International Trade Law/ (Record no. 213447)

MARC details
000 -LEADER
fixed length control field 00605nam a22001937a 4500
005 - DATE AND TIME OF LATEST TRANSACTION
control field 20250923122239.0
010 ## - LCCN (DPL NO)
LC control number ENG-144364
020 ## - INTERNATIONAL STANDARD BOOK NUMBER
International Standard Book Number 9789349015821
Terms of availability 595.00
035 ## - SYSTEM CONTROL NUMBER
System control number EN-127896
037 ## - SOURCE OF ACQUISITION
Source of stock number/acquisition DBAD
082 ## - DEWEY DECIMAL CLASSIFICATION NUMBER
Classification number 331
Edition number 1
100 ## - MAIN ENTRY--PERSONAL NAME
Personal name Neharikka Viij
245 ## - TITLE STATEMENT
Title International Trade Law/
Statement of responsibility, etc Neharikka Viij
250 ## - EDITION STATEMENT
Edition statement 1
260 ## - PUBLICATION, DISTRIBUTION, ETC. (IMPRINT)
Place of publication, distribution, etc Haryana
Name of publisher, distributor, etc Lexis Nexis
Date of publication, distribution, etc 2025
270 ## - ADDRESS
Address 14th Floor, Building No. 10, Tower-B, DLF Cyber City, Phase-II, Gurgaon
City Haryana
Postal code 122002
Electronic mail address help.in@lexisnexis.com
300 ## - PHYSICAL DESCRIPTION
Extent xxviii, 289p.
Dimensions 24cm(pb)
942 ## - ADDED ENTRY ELEMENTS (KOHA)
Source of classification or shelving scheme Dewey Decimal Classification
Item type English Books
Classification part 331
Call number suffix VII
Edition 1
Holdings
Withdrawn status Lost status Not for loan Collection code Home library Current library Date acquired Source of acquisition Cost, normal purchase price Full call number Barcode Copy number Cost, replacement price Koha item type
      Non-fiction Central Library Central Library 23/09/2025 Delivery of Books Act Division 595.00 331 VII EN-127896 1 595.00 English Books

© Delhi Public Library
Hit Counter
free hit counter